Inventario do espólio literario de Garret / (Record no. 38942)

MARC details
000 -LEADER
campo de control de longitud fija 00689nam a2200193 i 4500
001 - NÚMERO DE CONTROL
campo de control 38942
003 - IDENTIFICADOR DE NÚMERO DE CONTROL
campo de control ES-MaACL
005 - FECHA Y HORA DE LA ÚLTIMA TRANSACCIÓN
campo de control 20230906155843.0
007 - CAMPO FIJO DE DESCRIPCIÓN FÍSICA--INFORMACIÓN GENERAL
campo de control de longitud fija t|
008 - DATOS DE LONGITUD FIJA--INFORMACIÓN GENERAL
campo de control de longitud fija 030226s1948 po ||||1| por d
100 1# - ENTRADA PRINCIPAL--NOMBRE DE PERSONA
Nombre de persona Campos Ferreira Lima, Enrique de.
9 (RLIN) 34268
245 10 - MENCIÓN DEL TÍTULO
Título Inventario do espólio literario de Garret /
Mención de responsabilidad, etc. por Henrique de Campos Ferreira Lima.
260 ## - PUBLICACIÓN, DISTRIBUCIÓN, ETC.
Lugar de publicación, distribución, etc. Coimbra :
Nombre del editor, distribuidor, etc. [s.n.,
Fecha de publicación, distribución, etc. 1948] (
Fabricante Tip. Alves y Mourao)
300 ## - DESCRIPCIÓN FÍSICA
Extensión XIII, 107 p. ;
Dimensiones 25 cm.
490 1# - MENCIÓN DE SERIE
Mención de serie Publicaçones da Biblioteca Gral. da Universidade Coimbre
830 0# - PUNTO DE ACCESO ADICIONAL DE SERIE-TÍTULO UNIFORME
Título uniforme Publicaçones da Biblioteca Gral. da Universidade Coimbre
9 (RLIN) 229686
852 ## - LOCALIZACIÓN
Ubicación ES-MaACL
Número de control de estantería 1889-F-16
Sublocalización o colección R.26162
Holdings
Estatus retirado Estado de pérdida Estado de daño No para préstamo Colección Biblioteca de origen Biblioteca actual Ubicación en estantería Fecha de adquisición Fuente de adquisición Total de préstamos Signatura topográfica completa Código de barras Visto por última vez Precio de reemplazo Tipo de ítem Koha
        Colección de folletos Biblioteca del Ateneo de Madrid Biblioteca del Ateneo de Madrid Depósito folletos 17/01/2008     1889-F-16 1041003 23/02/2023 23/02/2023 Folleto